000 00465nam a2200181Ia 4500
005 20250508150858.0
008 008 250505s9999 xx 000 0 eng d
037 _aTextual
040 _aFEDL
_beng
_cFEDL
041 _aeng
_2eng
084 _a172, GAN
_qFEDL
100 _aGandhi Mahatma
245 0 _aDawn of Freedom
260 _aKarachi
_bAnand T. Hingorani
_c1947
300 _a32p.
942 _cTEXL
_h172, GAN
999 _c1326274
_d1326274